Normal view
MARC view
- العلوم العسكرية-الاردن- التعليم العالي - المقررات الدراسية
Entry Topical Term
001 - CONTROL NUMBER
- control field: 49295
003 - CONTROL NUMBER IDENTIFIER
- control field: JO-AjAnu
005 - DATE AND TIME OF LATEST TRANSACTION
- control field: 20230606082126.0
008 - FIXED-LENGTH DATA ELEMENTS
- fixed length control field: 230606|| aca||aabn | a|a d
040 ## - CATALOGING SOURCE
- Original cataloging agency: JO-AjAnu
- Transcribing agency: JO-AjAnu
150 ## - HEADING--TOPICAL TERM
- Topical term or geographic name entry element: العلوم العسكرية-الاردن- التعليم العالي - المقررات الدراسية
670 ## - SOURCE DATA FOUND
- Source citation: Work cat.: (JO-AjAnu)25210: القوات المسلحة الاردنية، 2001 , author 49294, منهاج العلوم العسكرية في الجامعات الاردنية